000 00606nam a2200193Ii 4500
003 JO-AjNU
008 230605s9999||||xx |||||||||||||| ||und||
040 _aJO-AjNU
_bara
_erda
_cJO-AjNU
041 _aara
050 1 4 _aLB1025.3.H88 2005
100 3 _aالهويدي،زيد,
_eauthor
_922378
245 0 0 _aمهارات التدريس الفعال
264 3 1 _aالعين:دار الكتاب الجامعي،2005
300 _a232ص
336 _atext
_btxt
_2rdacontent
337 _aunmediated
_bn
_2rdamedia
338 _avolume
_bnc
_2rdacarrier
650 4 _aالتدريس-التعليم
_922379
999 _aA7933
_c11501
_d11501